Dictionnaire géographique de l'Égypte.
Saved in:
Corporate Author:
Format: Book
Language: French
Published:
Le Caire :
Impr. nationale,
1899.
Subjects:
Tags: Add Tag
No Tags, Be the first to tag this record!
Call Number: DT45 .A5 1899
| LEADER | 00708namaa2200229 4500 | ||
|---|---|---|---|
| 001 | 12622 | ||
| 003 | OSt | ||
| 005 | 20241103123854.0 | ||
| 008 | 130303s1899 ua d 000 0 fre d | ||
| 952 | |0 0 |1 0 |2 lcc |4 0 |6 DT0045 A5 01899 |7 1 |9 16276 |a ARCE |b ARCE |d 2021-06-19 |l 0 |o DT45 .A5 1899 |p 1023475 |r 2021-06-19 00:00:00 |w 2021-06-19 |y BK | ||
| 999 | |c 12826 |d 12826 | ||
| 010 | |a 48032355 | ||
| 040 | |c ARCE Library | ||
| 043 | |a f-ua--- | ||
| 050 | 4 | |a DT45 .A5 1899 | |
| 110 | 1 | |a Egypt. |b Direction du recensement. | |
| 245 | 1 | 0 | |a Dictionnaire géographique de l'Égypte. |
| 264 | 1 | |a Le Caire : |b Impr. nationale, |c 1899. | |
| 300 | |a xxi, 649 pages ; |c 28 cm. | ||
| 651 | 0 | |a Egypt |v Gazetteers. | |
| 901 | |a reviewed | ||
| 942 | |c BK |2 lcc | ||
